000 01386cam a22003737a 4500
003 CHAP
005 20220329142027.0
008 990312d1998 mx r 00110 spa d
010 _a77266
011 _a78238
035 _a88105
040 _cCHAP
090 _aTesis
100 0 0 _aNava Melquiades, Gabino.
_980455
245 1 0 _aEfecto del nitrógeno sobre la competencia entre el trigo (Triticum aestivum L.) y avena (Avena spp.)
_c/por Gabino Nava Melquiades
260 _aChapingo, Méx. :
_bEl autor,
_c1998.
300 _a37 h. :
_bgráfs. ; cuadros
502 _aTesis (M.C. en Proteccnión Vegetal) -- UACH. Departamento de Parasitología Agrícola
590 _aALEPH
_b10
_c20130110
_lUCH01
_h1428
590 _aBATCH-UPD
_b10
_c20130110
_lUCH01
_h0057
590 _aBATCH-UPD
_b10
_c20130110
_lUCH01
_h0549
590 _aBATCH-UPD
_b10
_c20130410
_lUCH01
_h0859
590 _aBATCH-UPD
_b10
_c20130914
_lUCH01
_h1837
590 _aCONVERSION
_b10
_c20130109
_lUCH01
_h1343
650 1 4 _aNitrógeno
_xEfecto en trigo.
_981467
650 1 4 _aPlantas
_xCompetencia.
_988798
650 1 4 _aTrigo
_xMalas hierbas.
_9115053
650 1 4 _aTrigo
_xRendimiento.
_9115092
901 _aBK
942 _cFOLL
949 _bBC
_cTES
_d33724000714036
_eTS2
_fc.2
_h33664
_i88105
_sb
949 _bBC
_cTES
_d33724000768008
_eTS2
_fc.3
_h35455
_i88105
_sb
949 _bBC
_cTES
_d881051
_eTS1
_h33663
_i88105
_sb
999 _c77266
_d77266